<?xml version="1.0" encoding="UTF-8"?><?xml-stylesheet type="text/xsl" href="static/style.xsl"?><OAI-PMH xmlns="http://www.openarchives.org/OAI/2.0/" xmlns:xsi="http://www.w3.org/2001/XMLSchema-instance" xsi:schemaLocation="http://www.openarchives.org/OAI/2.0/ http://www.openarchives.org/OAI/2.0/OAI-PMH.xsd"><responseDate>2026-06-02T21:42:16Z</responseDate><request verb="GetRecord" identifier="oai:riuma.uma.es:10630/29334" metadataPrefix="marc">https://riuma.uma.es/rest/oai/request</request><GetRecord><record><header><identifier>oai:riuma.uma.es:10630/29334</identifier><datestamp>2026-02-03T11:45:04Z</datestamp><setSpec>com_10630_2254</setSpec><setSpec>col_10630_37956</setSpec></header><metadata><record xmlns="http://www.loc.gov/MARC21/slim" xmlns:dcterms="http://purl.org/dc/terms/" xmlns:doc="http://www.lyncode.com/xoai" xmlns:xsi="http://www.w3.org/2001/XMLSchema-instance" xsi:schemaLocation="http://www.loc.gov/MARC21/slim http://www.loc.gov/standards/marcxml/schema/MARC21slim.xsd">
   <leader>00925njm 22002777a 4500</leader>
   <datafield ind2=" " ind1=" " tag="042">
      <subfield code="a">dc</subfield>
   </datafield>
   <datafield ind2=" " ind1=" " tag="720">
      <subfield code="a">Calderón-Almendros, Ignacio</subfield>
      <subfield code="e">author</subfield>
   </datafield>
   <datafield ind2=" " ind1=" " tag="720">
      <subfield code="a">Rascón-Gómez, María Teresa</subfield>
      <subfield code="e">author</subfield>
   </datafield>
   <datafield ind2=" " ind1=" " tag="260">
      <subfield code="c">2020</subfield>
   </datafield>
   <datafield ind2=" " ind1=" " tag="520">
      <subfield code="a">Este documento nace de una serie de encuentros virtuales que, bajo el título Conversaciones sobre la escuela (inclusiva), han sido desarrollados entre mayo y junio de 2020, como herramienta para llevar a cabo un necesario debate público, especialmente cuando estaba en trámite parlamentario el Proyecto de Ley Educativa (LOMLOE). Una iniciativa en tiempos de confinamiento, que está significando una valiosa contribución a la sociedad y cuyo objetivo ha sido debatir sobre la realidad educativa actual y proyectar el futuro del sistema educativo, para hacerlo accesible a todas las personas, a través de las construcciones de diferentes colectivos que participan e influyen en la escuela: familias, estudiantes, profesorado, equipos directivos, profesionales, investigadores y representantes políticos. Cada uno de estos encuentros dialógicos semanales eran visualizados por quienes después participarían en los siguientes, en una suerte de conversación mantenida en el tiempo. Este ejercicio de escucha ha sido fundamental para el proceso. &#xd;
La iniciativa, que ha contado con más de doscientos cincuenta participantes, parte del proyecto de investigación Narrativas emergentes sobre la escuela inclusiva desde el Modelo Social de la Discapacidad. Resistencia, resiliencia y cambio social (RTI2018-099218-A-I00, financiado por el Ministerio de Ciencia, Innovación y Universidades), cuyos investigadores principales son los profe- sores Ignacio Calderón Almendros y Ma Teresa Rascón Gómez, ambos pertenecientes al Departamento de Teoría e Historia de la Educación y M.I.D.E. de la Universidad de Málaga.&#xd;
El presente documento pretende dar cuenta de algunos de los principales debates llevados a cabo. Con la intención de convertir en propuestas las distintas aportaciones recogidas en cada una de las sesiones, los organizadores de los diálogos hemos elaborado este informe cargado de propuestas para el avance hacia un sistema educativo inclusivo.</subfield>
   </datafield>
   <datafield ind1="8" ind2=" " tag="024">
      <subfield code="a">CALDERÓN ALMENDROS, I. &amp; RASCÓN GÓMEZ, M.T. (Coords.)(2020). Análisis y propuestas para una nueva Ley Educativa. Conversaciones de la ciudadanía sobre la escuela inclusiva. Octaedro, Barcelona.</subfield>
   </datafield>
   <datafield ind1="8" ind2=" " tag="024">
      <subfield code="a">https://hdl.handle.net/10630/29334</subfield>
   </datafield>
   <datafield tag="653" ind2=" " ind1=" ">
      <subfield code="a">Educación inclusiva</subfield>
   </datafield>
   <datafield tag="653" ind2=" " ind1=" ">
      <subfield code="a">Educación - España - Opinión pública</subfield>
   </datafield>
   <datafield ind2="0" ind1="0" tag="245">
      <subfield code="a">Análisis y propuestas para una nueva Ley Educativa: Conversaciones de la ciudadanía sobre la escuela inclusiva.</subfield>
   </datafield>
</record>
</metadata></record></GetRecord></OAI-PMH>